<?xml version="1.0" encoding="UTF-8"?>
<record
    xmlns:xsi="http://www.w3.org/2001/XMLSchema-instance"
    xsi:schemaLocation="http://www.loc.gov/MARC21/slim http://www.loc.gov/standards/marcxml/schema/MARC21slim.xsd"
    xmlns="http://www.loc.gov/MARC21/slim">

  <leader>00600nab a2200193 uc4500</leader>
  <controlfield tag="001">306855</controlfield>
  <controlfield tag="005">20250225085612.0</controlfield>
  <controlfield tag="008">980916e19960501                    spa  </controlfield>
  <datafield tag="035" ind1=" " ind2=" ">
    <subfield code="a">306855</subfield>
  </datafield>
  <datafield tag="035" ind1=" " ind2=" ">
    <subfield code="a">(OCoLC)819767760</subfield>
  </datafield>
  <datafield tag="040" ind1=" " ind2=" ">
    <subfield code="c">comduadb</subfield>
  </datafield>
  <datafield tag="041" ind1=" " ind2=" ">
    <subfield code="a">spa</subfield>
  </datafield>
  <datafield tag="100" ind1="1" ind2="0">
    <subfield code="a">Lopez I., Lina Patricia</subfield>
    <subfield code="4">aut</subfield>
    <subfield code="e">aut</subfield>
    <subfield code="9">511649</subfield>
  </datafield>
  <datafield tag="245" ind1="1" ind2="0">
    <subfield code="a">Carbonato de calcio en encolado neutro y alcalino</subfield>
  </datafield>
  <datafield tag="650" ind1=" " ind2=" ">
    <subfield code="a">Encolado del papel</subfield>
    <subfield code="9">172014</subfield>
  </datafield>
  <datafield tag="650" ind1=" " ind2=" ">
    <subfield code="a">Carbonato de calcio</subfield>
    <subfield code="9">23883</subfield>
  </datafield>
  <datafield tag="773" ind1="0" ind2=" ">
    <subfield code="t">Acotepac (Medell&#xED;n)</subfield>
    <subfield code="g">No. 29, May. 1996, p. 25-27</subfield>
    <subfield code="w">(CO-MdUADB)6300</subfield>
    <subfield code="0">4554</subfield>
    <subfield code="9">576407</subfield>
    <subfield code="o">6-300208</subfield>
    <subfield code="x"></subfield>
  </datafield>
  <datafield tag="942" ind1=" " ind2=" ">
    <subfield code="c">ARIMP</subfield>
  </datafield>
  <datafield tag="999" ind1=" " ind2=" ">
    <subfield code="c">106712</subfield>
    <subfield code="d">106712</subfield>
  </datafield>
</record>
